01226nam a22003254a 4500001001200000003000800012006001900020007001500039008004100054010001700095016002000112020003100132020002800163040002100191035002100212050002500233082001800258100001600276245009400292260004700386300002200433504005100455533015200506650003600658650001400694655002900708700002000737710001700757856012600774ebr10296553CaPaEBRm u cr cn|||||||||070703s2008 iaua sb 001 0 eng  z 20070278007 z1013109812DNLM z9780813828183 (alk. paper) z081382818X (alk. paper) aCaPaEBRcCaPaEBR a(OCoLC)60862394314aRK52.45b.K46 2008eb04a617.600722221 aKim, Jay S.10aBiostatistics for oral healthcareh[electronic resource] /cJay S. Kim, Ronald J. Dailey. aAmes, Iowa :bBlackwell Munksgaard,c2008. ax, 332 p. :bill. aIncludes bibliographical references and index. aElectronic reproduction.bPalo Alto, Calif. :cebrary,d2013.nAvailable via World Wide Web.nAccess may be limited to ebrary affiliated libraries. 0aDentistryxStatistical methods. 0aBiometry. 7aElectronic books.2local1 aDailey, Ronald.2 aebrary, Inc.40uhttp://site.ebrary.com/lib/rucke/Doc?id=10296553zAn electronic book accessible through the World Wide Web; click to view